00379pab a2200133 454500008004000000100002000040245008000060260000900140300001300149362001000162650002500172650001400197773003400211180718b2014 xxu||||| |||| 00| 0 eng d aZaidi, S. Akbar aRethinking Pakistan's political economy: Class, State, Power and Transition c2014 ap.47-54. a1 Feb aEconomics - Pakistan aEconomics aEconomic and Political Weekly